Vplyv zvárania na fázové premeny v TOO ocele Xabo890

Enregistré dans:
Détails bibliographiques
Auteur principal: Kalnický, Radovan, 1988- (Auteur)
Autres auteurs: Mráz, Ľuboš (Directeur de thèse)
Format: Manuscrit Livre
Langue:slovaque
Publié: Bratislava : STU v Bratislave SjF, 2012
Sujets:
Accès en ligne:VAIS
Tags: Ajouter un tag
Pas de tags, Soyez le premier à ajouter un tag!

MARC

LEADER 00000ntm a22000003a 4500
001 stu263861
005 20150617230220.0
008 130312s2012----xo------------------slo-d
040 |a STU  |b slo 
041 0 |a slo 
044 |a xo 
100 1 |a Kalnický, Radovan,  |d 1988-  |4 aut  |u J  |T SjF Strojnícka fakulta  |X 49618  |U J  |Y 20  |7 A000049618 
242 0 0 |a Influence of welding on HAZ phase transformation in Xabo890  |y eng 
245 1 |a Vplyv zvárania na fázové premeny v TOO ocele Xabo890 
260 |a Bratislava :  |b STU v Bratislave SjF,  |c 2012 
650 7 |a strojárske technológie a materiály  |2 stusub 
650 7 |a Production Processes and Materials  |2 estusub 
650 7 |a microstructure  |2 estusub 
700 1 |a Mráz, Ľuboš  |4 ths 
856 4 |a info a plný text  |u http://is.stuba.sk/zp/portal_zp.pl?podrobnosti=85327  |3 VAIS 
996 |b 284J042303  |c J*1299/DP  |l JJSK  |s A  |a 24  |w stu263861_0001